Finales de Coupe du monde (du match le plus serré au moins serré) - Statistiques

Statistiques générales
  • Ce quiz a été pris 93 fois
  • Le résultat moyen est 15 sur 20
Statistiques - réponses
Année Score Match % Correct
2014 1-0 a.p. Allemagne - Argentine
98%
1990 1-0 Allemagne de l'Ouest - Argentine
98%
1986 3-2 Argentine - Allemagne de l'Ouest
98%
1998 3-0 France - Brésil
98%
2006 1-1 (5-3 tab) Italie - France
98%
2002 2-0 Brésil - Allemagne
92%
1994 0-0 (3-2 tab) Brésil - Italie
89%
1970 4-1 Brésil - Italie
89%
2010 1-0 a.p. Espagne - Pays-Bas
88%
1950 2-1 Uruguay - Brésil
83%
1966 4-2 a.p. Angleterre - Allemagne de l'Ouest
80%
1982 3-1 Italie - Allemagne de l'Ouest
78%
1958 5-2 Brésil - Suède
67%
1930 4-2 Uruguay - Argentine
64%
1974 2-1 Allemagne de l'Ouest - Pays-Bas
61%
1978 3-1 a.p. Argentine - Pays-Bas
53%
1954 3-2 Allemagne de l'Ouest - Hongrie
49%
1938 4-2 Italie - Hongrie
46%
1934 2-1 a.p. Italie - Tchécoslovaquie
43%
1962 3-1 Brésil - Tchécoslovaquie
41%
Aucun quiz correspondant
Distribution des résultats
% des personnes avec chaque résultat
Percentile par nombre de réponses
Votre historique - résultats
Vous n’avez pas pris ce quiz